Cartography : Thematic map design
This introductory textbook introduces students to the different types of map projections, map design, and map production. Cartography is generally for a sophomore or junior level course for geography majors and many professors are beginning to introduce computer cartography throughout the course.
שמור ב:
| מחבר ראשי: | |
|---|---|
| פורמט: | ספר |
| שפה: | Undetermined |
| יצא לאור: |
Boston
WCB/McGaw-Hill
1999
|
| נושאים: | |
| תגים: |
הוספת תג
אין תגיות, היה/י הראשונ/ה לתייג את הרשומה!
|
| Thư viện lưu trữ: | Trung tâm Học liệu Trường Đại học Cần Thơ |
|---|
| LEADER | 00839nam a2200217Ia 4500 | ||
|---|---|---|---|
| 001 | CTU_152330 | ||
| 008 | 210402s9999 xx 000 0 und d | ||
| 020 | |c 121.24 | ||
| 082 | |a 526 | ||
| 082 | |b D414 | ||
| 100 | |a Dent, Borden D. | ||
| 245 | 0 | |a Cartography : | |
| 245 | 0 | |b Thematic map design | |
| 245 | 0 | |c Borden D. Dent | |
| 260 | |a Boston | ||
| 260 | |b WCB/McGaw-Hill | ||
| 260 | |c 1999 | ||
| 520 | |a This introductory textbook introduces students to the different types of map projections, map design, and map production. Cartography is generally for a sophomore or junior level course for geography majors and many professors are beginning to introduce computer cartography throughout the course. | ||
| 650 | |a Cartography,Bản đồ | ||
| 904 | |i Hương Sen | ||
| 980 | |a Trung tâm Học liệu Trường Đại học Cần Thơ | ||